Peux-tu deviner ces 25 films avec seulement 3 indices ?#2 - Statistiques

Statistiques générales
  • Ce quiz a été pris 155 fois
  • Le résultat moyen est 14 sur 25
Statistiques - réponses
Indices Réponses % Correct
Savane – Hakuna Matata – Simba Le Roi Lion
93%
Clown – Égouts – Peur Ça (It)
91%
Moyen Âge – Jacquouille – Godefroy Les Visiteurs
87%
Ogre – Marais – Âne Shrek
86%
Cowboy – Buzz – Jouets Toy Story
86%
Nord – Accent – ​​Facteur Bienvenue chez les Ch'tis
80%
Noir et blanc – Banlieue – Vincent Cassel La Haine
78%
Invité – Con – Blagues Le Dîner de Cons
78%
Vegas – Gueule de bois – Tigre Very Bad Trip
75%
Queen – Freddie Mercury – Concert Bohemian Rhapsody
64%
Vacances – Montagne – Gags Les Bronzés font du ski
63%
Hôtel – Hache – "Voici Johnny !" Shining
58%
Rap – Détroit – Eminem 8 Mile
57%
Couteau – Douche – Alfred Hitchcock Psychose
53%
ABBA – Île – Mariage Mama Mia !
50%
Multivers – Miles Morales – Animation Spider-Man : New Generation
47%
Jeu – Cadenas – Marionnette Saw
45%
Cirque – Chanson – Hugh Jackman The Greatest Showman
35%
Hollywood – Amour – Piano La La Land
31%
Japon – Chat-bus – Esprit de la forêt Mon voisin Totoro
26%
Espion – Humour – Jean Dujardin OSS 117 : Rio ne répond plus
24%
Tueur en série – FBI – Fèves Le Silence des Agneaux
22%
Paris – Café – Mystère Amélie Poulain
16%
Idiots – Chien voiture – Valise Dumb and Dumber
11%
Blague – Peignoir – "Le Dude" Le Grand Lebowski
2%
Aucun quiz correspondant
Distribution des résultats
% des personnes avec chaque résultat
Percentile par nombre de réponses
Votre historique - résultats
Vous n’avez pas pris ce quiz